000 01746nam a2200349 c 4500
999 _c143601
_d143601
003 BLK
005 20210203091804.0
008 180409b bul|||||r ||||||| ||bul||
010 _aKNG00149735000
040 _aBLK
041 _aBUL
_cBUL
080 _aБългарска литература
_b821.163.2
_x-93-1
_z821.163.2-93-1
100 1 _aЧичо Стоян
_eпърви автор
_gПопов, Стоян Михайлов
_9376387
139 _aПопов, Стоян Михайлов
_bП 76
245 1 0 _aЩъркел шарен, дългокрак
_bИзбрани стихотворения с 40 ил. : За предучилищна възраст
_cЧичо Стоян; худож. Мана Парпулова; състав. и предг. от Тодор Янчев; * Стоян Михайлов Попов.
257 _aBGR
260 _bБълг. художник
_c1984
_aСофия
300 _a80 с.
_bс цв. ил.
_c28 см
380 _aDX
490 _aБиблиотека Слънчеви извори
500 _aИстинското име на авт. е Стоян Михайлов Попов. - 80 120 тир.
653 _aлитература за деца
653 _aдетска литература
700 1 _aПарпулова, Мана
_eхудож.
_9376686
700 1 _aЯнчев, Тодор
_eсъстав. и предг. от
_gКалчев, Тодор Янчев
_9368585
700 1 _aПопов, Стоян Михайлов
_e*
_9372942
852 _aЦб ІІ 18654
856 4 _qpdf
856 4 _qpdf
942 _cKNG
_n0
_s1
944 _aCR
_c21.08.2013
_l21.08.2013 - от С1,Р / 21.08.2013
_kПетя_Минчева
944 _aED
_c13.09.2017
_l21.08.2013 - от С1,Р / 21.08.2013
_kСевдалина_Василева
999 _d143601